| 000 | 00693nam a22002297a 4500 | ||
|---|---|---|---|
| 003 | OSt | ||
| 005 | 20180321140031.0 | ||
| 008 | 161119b xxu||||| |||| 00| 0 eng d | ||
| 020 | _a970-10-4655-2 | ||
| 040 | _cCRI | ||
| 082 | _a614.4 | ||
| 245 |
_aEpidemiología clínica _cMoreno Altamarino, Cano Valle, García Romero...[etc al.] |
||
| 250 | _a2a ed. | ||
| 260 |
_aMéxico [etc.] _bMcGraw-Hill _c2005 |
||
| 300 |
_aXXXi, 281 p. _c23 cm. |
||
| 500 | _aÍndice alfabetico: p. 275 | ||
| 650 | 0 |
_94158 _aEpidemiología |
|
| 700 |
_935499 _aMoreno Altamirano, Laura |
||
| 700 | 1 |
_940487 _aCano Valle, Fernando |
|
| 700 | 1 |
_940488 _aGarcía Romero, Horacio |
|
| 942 |
_2ddc _cBK _hprozim |
||
| 999 |
_c26626 _d26626 |
||